Third party rights of appeal in planning a research project for : Council for the Protection of Rural England; Royal Society for the Protection of Birds; WWF-UK; Civic Trust; Friends of the Earth; Town and Country Planning Association; Environmental Law Foundation; ROOM. (Record no. 102130)
[ view plain ]
| 000 -LEADER | |
|---|---|
| fixed length control field | 01290cam a2200289 4500 |
| 008 - FIXED-LENGTH DATA ELEMENTS--GENERAL INFORMATION | |
| fixed length control field | 020607n2002 000 0 eng u |
| 022 ## - INTERNATIONAL STANDARD SERIAL NUMBER | |
| International Standard Serial Number | 1902786483 |
| 035 ## - SYSTEM CONTROL NUMBER | |
| System control number | (Sirsi) u118314 |
| 050 ## - LIBRARY OF CONGRESS CALL NUMBER | |
| Classification number | 711.026 |
| 110 ## - MAIN ENTRY--CORPORATE NAME | |
| Corporate name or jurisdiction name as entry element | Green Balance |
| 9 (RLIN) | 519 |
| 245 ## - TITLE STATEMENT | |
| Title | Third party rights of appeal in planning a research project for : Council for the Protection of Rural England; Royal Society for the Protection of Birds; WWF-UK; Civic Trust; Friends of the Earth; Town and Country Planning Association; Environmental Law Foundation; ROOM. |
| 260 ## - PUBLICATION, DISTRIBUTION, ETC. | |
| Place of publication, distribution, etc. | [S.l. |
| Name of publisher, distributor, etc. | s.n.] |
| Date of publication, distribution, etc. | 2002 |
| 300 ## - PHYSICAL DESCRIPTION | |
| Extent | 84p. $3 0cm. |
| 350 ## - PRICE (NR) (BK AM CF MU VM SE) [OBSOLETE] | |
| Price | 10 |
| 520 ## - SUMMARY, ETC. | |
| Summary, etc. | Considers the case for rights of appeal to be given to third parties with a view on planning applications, whether they have a direct, personal or wider interest. Looks at current practice in Denmark, New Zealand, Queensland, the Republic of Ireland and Sweden. |
| 650 ## - SUBJECT ADDED ENTRY--TOPICAL TERM | |
| Topical term or geographic name entry element | HUMAN RIGHTS ACT 1998 |
| 650 ## - SUBJECT ADDED ENTRY--TOPICAL TERM | |
| Topical term or geographic name entry element | PLANNING AND COMPENSATION ACT 1991 |
| 650 ## - SUBJECT ADDED ENTRY--TOPICAL TERM | |
| Topical term or geographic name entry element | PLANNING APPEALS |
| 650 ## - SUBJECT ADDED ENTRY--TOPICAL TERM | |
| Topical term or geographic name entry element | THIRD PARTIES |
| 650 ## - SUBJECT ADDED ENTRY--TOPICAL TERM | |
| Topical term or geographic name entry element | THIRD PARTY RIGHT OF APPEAL |
| 650 ## - SUBJECT ADDED ENTRY--TOPICAL TERM | |
| Topical term or geographic name entry element | TOWN AND COUNTRY PLANNING ACT 1947 |
| 690 ## - LOCAL SUBJECT ADDED ENTRY--TOPICAL TERM (OCLC, RLIN) | |
| Topical term or geographic name as entry element | Planning and development |
| 9 (RLIN) | 6259 |
| 700 ## - ADDED ENTRY--PERSONAL NAME | |
| Personal name | Popham, J. |
| 700 ## - ADDED ENTRY--PERSONAL NAME | |
| Personal name | Purdue, M. |
| 710 ## - ADDED ENTRY--CORPORATE NAME | |
| Corporate name or jurisdiction name as entry element | Leigh Day & Co Solictors |
| 9 (RLIN) | 4323 |
| 942 ## - ADDED ENTRY ELEMENTS (KOHA) | |
| Suppress in OPAC | 0 |
| Withdrawn status | Lost status | Source of classification or shelving scheme | Damaged status | Not for loan | Home library | Current library | Shelving location | Date acquired | Cost, normal purchase price | Total Checkouts | Full call number | Barcode | Date last seen | Copy number | Cost, replacement price | Price effective from | Koha item type |
|---|---|---|---|---|---|---|---|---|---|---|---|---|---|---|---|---|---|
| Dewey Decimal Classification | London | London | Books | 09/08/2002 | 10.00 | F711.026 GRE | 30066432 | 06/08/2019 | 1 | 10.00 | 06/08/2019 | Book |